Κατάλογος Βιβλιοθηκών Mediterranean College

Μαθηματικά Οικονομικής Ανάλυσης. (Record no. 3784)

MARC details
000 -LEADER
fixed length control field 02134cam a22001934a 4500
005 - ΗΜΕΡΟΜΗΝΙΑ ΚΑΙ ΩΡΑ ΤΕΛΕΥΤΑΙΑΣ ΕΝΗΜΕΡΩΣΗΣ
Πεδίο ελέγχου 20250605164125.0
008 - FIXED-LENGTH DATA ELEMENTS--GENERAL INFORMATION
Πεδίο ελέγχου σταθερού μήκους 250528s ||||||||||||||||||||||||d
035 ## - SYSTEM CONTROL NUMBER
System control number 18423
040 ## - ΠΗΓΗ ΚΑΤΑΛΟΓΟΓΡΑΦΗΣΗΣ
Φορέας πρωτότυπης καταλογογράφησης MC Athens Campus Library
Γλώσσα καταλογογράφησης Ελληνικά, Μοντέρνα (1453-)
Modifying agency MC Athens Campus Library
Κανόνες περιγραφικής καταλογογράφησης AACR2
245 1# - ΤΙΤΛΟΣ ΚΑΙ ΔΗΛΩΣΗ ΥΠΕΥΘΥΝΟΤΗΤΑΣ
Τίτλος Μαθηματικά Οικονομικής Ανάλυσης.
Number of part/section of a work Τόμος Γ'
250 ## - EDITION STATEMENT
Edition statement
260 ## - PUBLICATION, DISTRIBUTION, ETC.
Name of publisher, distributor, etc. Παπαζήση,
Date of publication, distribution, etc. 1995
300 ## - PHYSICAL DESCRIPTION
Extent 156
520 ## - SUMMARY, ETC.
Summary, etc. Διαφορικές Εξισώσεις Πρώτης Τάξης, Γενικότητες και Βασικοί Ορισμοί, Διαφορικές Εξισώσεις Πρώτης Τάξης και Ανώτερου Βαθμού, Γραφφική Προσέγγιση και Ποιοτική Ανάλυση και Διάγραμμα Φάσης, Γραμμικές Διαφορικές Εξισώσεις Ανώτερης Τάξης και Συστήματα Διαφορικών Εξισώσεων, Γραμμικές Διαφορικές Εξισώσεις Δεύτερης Τάξης με Σταθερούς Συντελεστές και Σταθερό Όρο, Γραμμικές Διαφορικές Εξισώσεις Τάξης με Σταθερούς Συντελεστές και Σταθερό ή Μεταβλητό Όρο, Ολοκλήρωση δια Δυναμοσειρών, Ευστάθεια των Λύσεων, Η Παραγώγιση ως Τελεστής, Συστήματα Γραμμικών Διαφορικών Εξισώσεων, Ποιοτική Ανάλυση Γραμμικών Συστημάτων, Εξισώσεις Διαφόρων, Γραμμικές Εξισώσεις Διαφορών Πρώτης Τάξης με Σταθερούς Συντελεστές, Μη Γραμμικές Εξισώσεις Πρώτης Τάξης, Γραμμικές Εξισώσεις Διαφορών Δεύτερης Τάξης με Σταθερούς Συντελεστές, Γραμμικές Εξισώσεις Διαφορών Ανώτερης Τάξης, Ευρετήριο Όρων.
700 1# - ΠΡΟΣΘΕΤΗ ΑΝΑΓΡΑΦΗ--ΦΥΣΙΚΟ ΠΡΟΣΩΠΟ
Personal name Κορκοτσίδης Αναστάσιος Σ
9 (RLIN) 4696
942 ## - ADDED ENTRY ELEMENTS (KOHA)
Koha item type Books
Holdings
Τύπος τεκμηρίου Βιβλιοθήκη Τρέχουσα τοποθεσία Barcode Αριθμός εισαγωγής Ημερομηνία απόκτησης Ταξιθετικό σύμβολο Αριθμός αντιτύπου Κατάσταση απόσυρσης Κατάσταση χαμένου Κατάσταση κατεστραμμένου Μη δανεισμός Σύνολο δανεισμών Ημερομηνία τελευταίας εμφάνισης Η τιμή ισχύει από
Books MC Athens Campus Library MC Athens Campus Library 9780000037831 3101 05/06/2025 330.0151 KOR V.C 1           05/06/2025 05/06/2025

MC Athens Campus Library
Πατησίων 94 & Κοδριγκτώνος 13, 104 34
Πελλήνης 8 & Πατησίων 107, 112 51
Τ: +30 210 8899600

MC Thessaloniki Campus Library
Ίωνος Δραγούμη 21, 54625 | Ίωνος Δραγούμη 15, 54625
Τ: +30 2310 287779 – Τ: +30 2314 440300